000 00491nam a2200145Ia 4500
008 100204s9999 xx 000 0 und d
082 _b5897
100 _aधुरी विरेंद्र ह.
245 _aचितेवरची फुले
260 _b"डिंंंंप्ंाल पब्लिकेशन, वसई"
_c1984
300 _a124
630 _aचितेवरची फुले
730 _aचितेवरची फुले
942 _cBOOK
999 _c450409
_d450406